Manual Osram: iluminación

Dades bibliogràfiques
Autor corporatiu: Escuela Superior Politécnica del Litorial
Format: Llibre
Idioma:Spanish
Matèries:

MARC

LEADER 00000cam a2200000 a 4500
001 70562
005 20230308162505.0
008 000000|1980 ||||||||r|||||||||||spa||
040 |b spa 
041 1 |a spa 
082 0 |a 621.3 
110 2 |a Escuela Superior Politécnica del Litorial.   |g ESPOL  |9 36167 
245 |a Manual Osram: iluminación  |c Escuela Superior Politécnica del Litoral  |h imp 
264 |a Guayaquil  |b Escuela Superior Politécnica del Litoral  |c 1980 
300 |a 299 páginas:  |b ilu  |c 21.5 cm 
504 |a incl. ref. 
650 |a Luminotecnia  |9 33551 
650 |a Osram  |9 34679 
650 |a Materiales electricos  |9 33209 
650 0 |a Electricidad  |9 12841 
852 |a UC-CDJBV  |c ESTANTERIA CERRADA  |f Compra  |k jorge.rivera  |l 1  |m General  |p 00000000  |r 2  |t 70562  |b 0  |d CDRC  |e CDRC  |g 621.3 ESTANTERIA CERRADA  |z 0000-00-00 
942 |c BK 
999 |c 18283  |d 18283